[Event "AUTO-ADV-4912"]
[Site "http://www.queenalice.com/game.php?id=1867891"]
[Date "2026.1.11"]
[Round "1"]
[White "EdsonEstevam"]
[Black "marcoswerneck"]
[Result "1-0"]
[WhiteElo "1729"]
[BlackElo "1884"]

1. e4 e5 2. Nf3 d6 3. Nc3 a6 4. d4 Be7 5. h3 h6 6. Bc4 Bd7 7. Qe2 Nf6 8. Be3 d5
9. dxe5 Nxe4 10. Bxd5 Nxc3 11. bxc3 c6 12. Bb3 c5 13. O-O Be6 14. Rfd1 Nd7 15.
Bxe6 fxe6 16. Rab1 Qc7 17. Nh4 Rg8 18. Qh5+ g6 19. Nxg6 Rxg6 20. Qxg6+ 1-0

[Event "AUTO-ADV-4912"]
[Site "http://www.queenalice.com/game.php?id=1867892"]
[Date "2026.1.11"]
[Round "1"]
[White "marcoswerneck"]
[Black "Capixabba789"]
[Result "0-1"]
[WhiteElo "1881"]
[BlackElo "1881"]

1. e4 e5 2. d3 Nf6 3. a3 Be7 4. Nc3 d6 5. h3 c5 6. Be3 Nc6 7. Be2 Be6 8. Nf3 Nd4
9. Bd2 a6 10. Nxd4 cxd4 11. Nd5 Nxd5 12. exd5 Bxd5 13. Bf3 Bxf3 14. Qxf3 Qc7 15.
O-O O-O 16. Qg3 Bf6 17. c4 Rfe8 18. b4 b6 19. a4 Qe7 20. c5 bxc5 21. b5 axb5 22.
axb5 Rxa1 23. Rxa1 Rb8 24. Rb1 Qe8 25. b6 Qc6 26. Ba5 Bd8 27. Bd2 Rxb6 28. Rxb6
Qxb6 29. f3 Qb1+ 30. Kh2 Qxd3 31. Be1 Qg6 32. Qf2 h6 33. Bd2 c4 34. Bc1 c3 35.
f4 Qe4 36. fxe5 dxe5 37. Kh1 Bh4 38. Qf1 Bg3 39. Ba3 h5 40. Bc1 h4 41. Kg1 d3
42. Ba3 d2 0-1

[Event "AUTO-ADV-4912"]
[Site "http://www.queenalice.com/game.php?id=1867893"]
[Date "2026.1.11"]
[Round "1"]
[White "Capixabba789"]
[Black "marcoswerneck"]
[Result "1-0"]
[WhiteElo "1854"]
[BlackElo "1902"]

1. d4 d5 2. f4 e6 3. Nf3 h6 4. e3 a6 5. Bd3 Nc6 6. O-O g5 7. Ne5 Nxe5 8. fxe5
Ne7 9. Nc3 h5 10. Qf3 g4 11. Qxf7+ Kd7 12. e4 Kc6 13. Bg5 Bd7 14. exd5+ Kb6 15.
d6 Qe8 16. Qxe8 Bxe8 17. dxe7 Bxe7 18. Bxe7 Bc6 19. Bf6 Rhg8 20. a4 Ka7 21. a5
h4 22. Bxh4 Rac8 23. Bg3 Rg5 24. Rf6 1-0

[Event "AUTO-ADV-4916"]
[Site "http://www.queenalice.com/game.php?id=1868703"]
[Date "2026.1.31"]
[Round "1"]
[White "marcoswerneck"]
[Black "chessman"]
[Result "0-1"]
[WhiteElo "1874"]
[BlackElo "2041"]

1. e4 e6 2. e5 d5 3. d4 c5 4. Be3 cxd4 5. Bxd4 Nc6 6. c3 Nxd4 7. cxd4 Bd7 8. a3
Qb6 9. b4 Ne7 10. Nf3 Nf5 11. Be2 Be7 12. O-O Rc8 13. Qd3 O-O 14. Nbd2 a6 15.
Nb3 Bb5 16. Qd2 Bxe2 17. Qxe2 Rc3 18. Rab1 Rfc8 19. Rb2 Qc6 20. Rbb1 Rc2 21. Qd1
Qa4 22. Nc5 Bxc5 23. bxc5 Rc7 24. Qd3 Rc4 25. Qb3 Nxd4 26. Nxd4 Rxd4 27. Qxa4
Rxa4 28. Ra1 Rxc5 29. Rfb1 b5 30. g3 Rc3 31. Kg2 Kf8 32. h4 Ke7 33. Rb2 Rcxa3
34. Rc1 Rc4 35. Re1 Rac3 36. Ra2 Rc6 37. Kh3 Rc2 38. Re2 Rxe2 39. Rxe2 b4 0-1

[Event "AUTO-ADV-4916"]
[Site "http://www.queenalice.com/game.php?id=1868704"]
[Date "2026.1.31"]
[Round "1"]
[White "chessman"]
[Black "marcoswerneck"]
[Result "1-0"]
[WhiteElo "2050"]
[BlackElo "1865"]

1. e4 e5 2. Nf3 d6 3. d4 Bg4 4. dxe5 Bxf3 5. gxf3 Be7 6. exd6 Qxd6 7. Qxd6 Bxd6
8. Nc3 Be5 9. Bd2 Nc6 10. O-O-O O-O-O 11. Bh3+ Kb8 12. Nd5 Nge7 13. Nxe7 Nxe7
14. Be3 Nc6 15. Rxd8+ Rxd8 16. f4 Bd6 17. Rd1 f6 18. Bg2 h6 19. h4 h5 20. e5
fxe5 21. Bxc6 bxc6 22. fxe5 Be7 23. Rh1 c5 24. f4 Kb7 25. Bf2 a5 26. Rd1 Rf8 27.
Bg3 Kb6 28. c3 c6 29. Rd7 Re8 30. c4 a4 31. f5 Ka5 32. a3 Kb6 33. Kc2 Ka6 34.
Kc3 Kb6 35. b3 axb3 36. Kxb3 Bf8 37. e6 Be7 38. a4 Bf6 39. Be1 Ka6 40. Bc3 Rb8+
41. Kc2 Bxc3 42. Kxc3 Rf8 43. Rf7 1-0

[Event "AUTO-ADV-4916"]
[Site "http://www.queenalice.com/game.php?id=1868707"]
[Date "2026.1.31"]
[Round "1"]
[White "marcoswerneck"]
[Black "game"]
[Result "1-0"]
[WhiteElo "1900"]
[BlackElo "1661"]

1. e4 c5 2. d3 Nc6 3. Nf3 Nf6 4. Be3 e5 5. Be2 Nh5 6. Nc3 Qf6 7. Nd5 Qd6 8. Qd2
Qg6 9. Nc7+ Ke7 10. Nxa8 Qxg2 11. O-O-O Qh3 12. Nc7 d6 13. Nd5+ Kd7 14. Ng5 Qg2
15. Nxf7 Rg8 16. Bxh5 Ke6 17. h3 g6 18. Ng5+ Kd7 19. Bg4+ Kd8 20. Rhg1 Qh2 21.
Nxh7 Bxg4 22. Bg5+ Ne7 23. Rxg4 Qxh3 24. Bxe7+ Bxe7 25. Nxe7 Kxe7 26. Qg5+ Kd7
27. Nf6+ Kc6 28. Nxg8 b5 29. Qxg6 b4 30. Rdg1 Qf3 31. Ne7+ Kd7 32. Qf5+ Qxf5 33.
Nxf5 a5 34. Rg6 Ke8 35. Rxd6 1-0

[Event "AUTO-ADV-4916"]
[Site "http://www.queenalice.com/game.php?id=1868708"]
[Date "2026.1.31"]
[Round "1"]
[White "game"]
[Black "marcoswerneck"]
[Result "0-1"]
[WhiteElo "1680"]
[BlackElo "1892"]

1. e4 e5 2. Nf3 d6 3. d4 Be7 4. dxe5 Bg4 5. Be2 Bxf3 6. Bxf3 dxe5 7. Qe2 a6 8.
O-O Nc6 9. Rd1 Bd6 10. Bh5 g6 11. Bg4 h5 12. Bh3 Qe7 13. b3 Nd4 14. Qd3 Ne6 15.
Ba3 O-O-O 16. Qc3 Nf6 17. Qe3 b6 18. b4 Bxb4 19. Rxd8+ Rxd8 20. Nc3 Bxa3 21. Qe2
Bb2 22. Rb1 Bxc3 23. Qxa6+ Kb8 24. Rb3 Rd1+ 0-1

[Event "AUTO-ADV-4918"]
[Site "http://www.queenalice.com/game.php?id=1869163"]
[Date "2026.2.12"]
[Round "1"]
[White "marcoswerneck"]
[Black "mvson33"]
[Result "1-0"]
[WhiteElo "1857"]
[BlackElo "1827"]

1. e4 c5 2. d3 Nc6 3. Nf3 d6 4. h3 Nf6 5. a3 g6 6. Be3 Bg7 7. Be2 O-O 8. g4 Bd7
9. Nc3 Rc8 10. Qd2 Qc7 11. d4 cxd4 12. Nxd4 Nxd4 13. Bxd4 Bc6 14. g5 Nd7 15.
Bxg7 Kxg7 16. O-O-O Ne5 17. h4 Qb6 18. f4 Nd7 19. h5 Nc5 20. Qd4+ Kg8 21. Kb1
Nxe4 22. Qxb6 axb6 23. Rh2 Nxc3+ 24. bxc3 Ba4 25. c4 b5 26. hxg6 fxg6 27. Rdh1
Rf7 28. Bd3 h5 29. Bxg6 Rg7 30. f5 bxc4 31. Rxh5 1-0

[Event "AUTO-ADV-4918"]
[Site "http://www.queenalice.com/game.php?id=1869164"]
[Date "2026.2.12"]
[Round "1"]
[White "mvson33"]
[Black "marcoswerneck"]
[Result "0-1"]
[WhiteElo "1874"]
[BlackElo "1840"]

1. d4 d5 2. Nf3 e6 3. e3 a6 4. c4 Nf6 5. cxd5 Nxd5 6. Bc4 Nf6 7. O-O Ne4 8. Nc3
Nd6 9. Bb3 Bd7 10. Bd2 Be7 11. Bc2 Nc6 12. Ne4 Nxe4 13. Bxe4 h6 14. Rc1 g5 15.
Bc3 f5 16. Bc2 g4 17. Nd2 Na7 18. Bd3 h5 19. f3 g3 20. hxg3 Bf6 21. Nb3 Qe7 22.
Ba5 b6 23. Bc3 Nb5 24. Bd2 Qd6 25. Bxb5 Bxb5 26. Re1 Qxg3 27. Bc3 h4 28. Qd2 h3
29. Rc2 O-O-O 30. Nc1 Bh4 31. Ne2 Qf2+ 0-1

[Event "AUTO-ADV-4918"]
[Site "http://www.queenalice.com/game.php?id=1869165"]
[Date "2026.2.12"]
[Round "1"]
[White "marcoswerneck"]
[Black "Capixaba789"]
[Result "1-0"]
[WhiteElo "1862"]
[BlackElo "1909"]

1. e4 e5 2. d3 Nf6 3. a3 Be7 4. Nc3 O-O 5. Nf3 d6 6. Be3 c5 7. Be2 Nc6 8. Qd2
Be6 9. h3 Nd4 10. Bxd4 cxd4 11. Nd5 Nxd5 12. exd5 Bxd5 13. g3 f5 14. h4 a5 15.
c4 Bc6 16. h5 h6 17. b3 Bf6 18. b4 axb4 19. Qxb4 e4 20. Nd2 exd3 21. Bxd3 Bxh1
22. f3 Bg5 23. Be2 d3 24. Bxd3 Bxd2+ 25. Kxd2 Bxf3 26. c5 d5 27. Kc2 Bxh5 28. a4
Bg4 29. a5 Qf6 30. Rb1 Qc6 31. Qb5 Qxb5 32. Rxb5 Rab8 33. Kc3 Rfe8 34. Kd2 Kf8
35. Rb1 Re2+ 36. Bxe2 Bxe2 37. Kxe2 Ra8 38. Rxb7 Rxa5 39. c6 Rc5 40. c7 Kg8 41.
Rb8+ Kh7 42. c8=Q Rxc8 43. Rxc8 h5 44. Rd8 Kh6 45. Rxd5 g6 46. Kf3 Kg5 47. Rd6
h4 48. gxh4+ Kh5 49. Kf4 Kxh4 50. Rxg6 1-0

[Event "AUTO-ADV-4918"]
[Site "http://www.queenalice.com/game.php?id=1869166"]
[Date "2026.2.12"]
[Round "1"]
[White "Capixaba789"]
[Black "marcoswerneck"]
[Result "1-0"]
[WhiteElo "1967"]
[BlackElo "1906"]

1. d4 d5 2. Nc3 e6 3. e3 a6 4. f4 Nc6 5. Nf3 h6 6. a3 Nf6 7. Bd3 Bd6 8. O-O Bd7
9. Ne5 Bxe5 10. fxe5 Ne4 11. Nxe4 dxe4 12. Bxe4 Qe7 13. Bd2 g5 14. Qh5 O-O-O 15.
c4 Be8 16. b4 f5 17. exf6 Bxh5 18. fxe7 Nxe7 19. Bc3 Be2 20. Rf7 Nc6 21. d5 Nb8
22. Bxh8 Rxh8 23. dxe6 Bxc4 24. Bf5 Kd8 25. Rd1+ Ke8 26. Rxc7 1-0

[Event "AUTO-ADV-4920"]
[Site "http://www.queenalice.com/game.php?id=1869566"]
[Date "2026.2.21"]
[Round "1"]
[White "marcoswerneck"]
[Black "Connor"]
[Result "1-0"]
[WhiteElo "1870"]
[BlackElo "1910"]

1. e4 e5 2. d3 Be7 3. a3 d6 4. h3 Nf6 5. Nc3 Bd7 6. Be3 a6 7. Be2 Nc6 8. Nf3 b5
9. b3 Qb8 10. Nd5 Nxd5 11. exd5 Nd8 12. Qd2 c5 13. c4 f5 14. Qc2 f4 15. Bd2 Nf7
16. b4 Qc8 17. bxc5 Qxc5 18. O-O Qc8 19. Bd1 Ng5 20. Nxg5 Bxg5 21. cxb5 Bxb5 22.
Qxc8+ Rxc8 23. Be2 Rc2 24. Rfd1 Rc5 25. Kf1 Rxd5 26. Rab1 O-O 27. Bb4 e4 28.
dxe4 Bxe2+ 29. Kxe2 Rxd1 30. Rxd1 Be7 31. Bxd6 Bxd6 32. Rxd6 Re8 33. Kf3 g5 34.
Rxa6 1-0

[Event "AUTO-ADV-4920"]
[Site "http://www.queenalice.com/game.php?id=1869567"]
[Date "2026.2.21"]
[Round "1"]
[White "Connor"]
[Black "marcoswerneck"]
[Result "1-0"]
[WhiteElo "1899"]
[BlackElo "1895"]

1. d4 d5 2. e3 e6 3. c4 Nf6 4. Nf3 h6 5. Nc3 a6 6. a3 Nc6 7. c5 Bd7 8. Bd3 Be7
9. Qb3 Na5 10. Qc2 Nc6 11. b4 Na7 12. Ne5 Nc6 13. Nxd7 Qxd7 14. Ne2 b6 15. cxb6
cxb6 16. Bd2 b5 17. h3 Bd6 18. Nc3 Rc8 19. Qd1 Bc7 20. Bc2 Bd6 21. Ne2 e5 22.
dxe5 Bxe5 23. Bc3 Bxc3+ 24. Nxc3 d4 25. exd4 Qxd4 26. Ne2 Qxd1+ 27. Bxd1 O-O 28.
O-O Ne5 29. Nd4 Rcd8 30. Nf3 Nxf3+ 31. Bxf3 g6 32. a4 Rb8 33. axb5 axb5 34. Ra5
Nd7 35. Bc6 Ne5 36. Bxb5 Rfd8 37. Be2 Rxb4 38. Rxe5 Rdb8 39. Rd1 Kg7 40. Red5
Re8 41. Kf1 Rbe4 42. Bf3 R4e7 43. Rd7 Re6 44. Bd5 Rf6 45. Re1 Rxe1+ 46. Kxe1 h5
47. f3 Kf8 48. Kf2 Ke8 49. Rb7 Kf8 50. Kg3 Kg7 51. Kh4 Kf8 52. g4 hxg4 53. hxg4
Kg7 54. Kg5 Rxf3 55. Bxf3 Kh7 56. Rxf7+ 1-0

[Event "AUTO-ADV-4920"]
[Site "http://www.queenalice.com/game.php?id=1869568"]
[Date "2026.2.21"]
[Round "1"]
[White "marcoswerneck"]
[Black "SGF"]
[Result "1-0"]
[WhiteElo "1888"]
[BlackElo "1703"]

1. e4 e5 2. d3 Qf6 3. Nf3 d6 4. Nc3 Be7 5. Be3 c6 6. h3 h5 7. Bg5 Qg6 8. Qd2 b5
9. b4 Bxg5 10. Qxg5 Qxg5 11. Nxg5 a5 12. bxa5 Rxa5 13. Be2 b4 14. Nd1 f6 15. Nf3
g5 16. Nb2 c5 17. Nc4 Ra6 18. a4 Kd7 19. a5 Nc6 20. d4 Nxd4 21. Nxd4 cxd4 22.
Nb6+ Kc7 23. Bxa6 Bxa6 24. Nd5+ Kc6 25. Nxb4+ Kb5 26. Nd3 Ne7 27. O-O Kc6 28.
Nb4+ Kb7 29. Rfb1 h4 30. Nd5+ Ka7 31. Nxe7 Re8 32. Nd5 Rc8 33. Rb2 Bc4 34. Nb6
Rc6 35. Nxc4 Rxc4 36. a6 Rc6 37. Rb7+ Ka8 38. a7 Rc8 39. Rd7 Rxc2 40. Rd8+ Kb7
41. a8=Q+ Kb6 42. Rb1+ Kc5 43. Qd5# 1-0

[Event "AUTO-ADV-4920"]
[Site "http://www.queenalice.com/game.php?id=1869569"]
[Date "2026.2.21"]
[Round "1"]
[White "SGF"]
[Black "marcoswerneck"]
[Result "0-1"]
[WhiteElo "1760"]
[BlackElo "1871"]

1. e4 e5 2. Qf3 Nf6 3. d3 h6 4. Be2 Nc6 5. c3 d6 6. Qg3 Be6 7. h4 Qd7 8. h5 g6
9. hxg6 Bg7 10. gxf7+ Qxf7 11. a4 h5 12. b4 Bg4 13. a5 Bxe2 14. Nxe2 O-O-O 15.
a6 b6 16. b5 Nb8 17. Bg5 Rdf8 18. Nd2 Ng4 19. Nf3 Nd7 20. c4 Nc5 21. Kd2 Nb3+
22. Kc3 Nxa1 23. Rxa1 Rhg8 24. Rh1 Rh8 25. Nd2 Nxf2 26. Rf1 Nxe4+ 27. dxe4 Qd7
28. Rxf8+ Rxf8 29. Qh4 Qg4 30. Qxg4+ hxg4 31. Ng3 Bf6 32. Bxf6 Rxf6 33. Nf5 Kd7
34. g3 c6 35. bxc6+ Kxc6 36. Nb3 Rf7 37. Kb4 Rh7 38. Nd2 Rh2 39. Nf1 Ra2 40.
N1e3 Rxa6 41. Ne7+ Kd7 42. N7f5 Ra1 43. Nxg4 a5+ 44. Kb5 a4 45. Kxb6 a3 46. Nfe3
Rc1 47. Nf6+ Kc8 48. Nfd5 a2 49. Nc2 Rxc2 50. Nb4 Rb2 51. Kb5 a1=Q 52. c5 dxc5
53. Kxc5 Rd2 54. g4 Qa5+ 55. Kc4 Rb2 56. Nc6 Qb5+ 57. Kc3 Qb3# 0-1

[Event "AUTO-ADV-4905"]
[Site "http://www.queenalice.com/game.php?id=1869582"]
[Date "2026.2.22"]
[Round "2"]
[White "altair"]
[Black "marcoswerneck"]
[Result "0-1"]
[WhiteElo "1775"]
[BlackElo "1883"]

1. e4 e5 2. Nf3 d6 3. h3 a6 4. Nc3 Nf6 5. d3 h6 6. Be2 Be6 7. O-O Be7 8. a3 Nc6
9. d4 exd4 10. Nxd4 Nxd4 11. Qxd4 g5 12. b4 Qd7 13. Rd1 Rg8 14. Qe3 h5 15. e5
Nd5 16. exd6 Nxe3 17. Bxe3 Bxd6 18. Rd2 O-O-O 19. Ne4 Bxh3 20. gxh3 Qxh3 21. Ng3
Bxg3 22. fxg3 Qxg3+ 23. Kf1 Qh3+ 24. Kf2 Qf5+ 25. Ke1 Rxd2 26. Bxd2 Re8 27. Kd1
Qe4 0-1

[Event "AUTO-ADV-4905"]
[Site "http://www.queenalice.com/game.php?id=1869583"]
[Date "2026.2.22"]
[Round "2"]
[White "marcoswerneck"]
[Black "altair"]
[Result "0-1"]
[WhiteElo "1861"]
[BlackElo "1777"]

1. e4 e5 2. d3 d6 3. h3 Nf6 4. Nc3 h6 5. Be3 a6 6. Be2 Be7 7. Nf3 Nc6 8. Qd2 O-O
9. g4 Be6 10. Ng1 d5 11. exd5 Nxd5 12. Nxd5 Bxd5 13. Rh2 Nb4 14. c4 Be6 15. a3
Nc6 16. c5 f5 17. gxf5 Bxf5 18. Nf3 Bf6 19. Rh1 Qe7 20. Rg1 Rad8 21. Bxh6 Kh7
22. Be3 Rh8 23. Ng5+ Kg8 24. Rg3 e4 25. d4 Nxd4 26. Bc4+ Kf8 27. Nf7 Bh4 28.
Rxg7 Kxg7 29. Bxd4+ Bf6 30. Qg5+ Bg6 31. Bxf6+ Qxf6 32. Qxf6+ Kxf6 33. Nxh8 Rxh8
34. O-O-O Rxh3 35. Rf1 Ke5 36. c6 b5 37. Be2 Kd5 38. f4 Bf5 39. Rg1 Kxc6 40.
Rg6+ Bxg6 0-1

[Event "AUTO-ADV-4905"]
[Site "http://www.queenalice.com/game.php?id=1869588"]
[Date "2026.2.22"]
[Round "2"]
[White "marcoswerneck"]
[Black "Pin"]
[Result "0-1"]
[WhiteElo "1897"]
[BlackElo "2016"]

1. e4 c5 2. d3 d6 3. h3 Nf6 4. Nc3 Nc6 5. a3 e6 6. Nf3 Be7 7. Be3 O-O 8. g4 b6
9. Be2 Bb7 10. Qd2 a6 11. Nh2 Rc8 12. g5 Nd7 13. h4 Nd4 14. O-O-O b5 15. Bxd4
cxd4 16. Na2 d5 17. Bf3 Ne5 18. Bg2 dxe4 19. Bxe4 Bxe4 20. dxe4 d3 21. c3 a5 22.
f4 Nc4 23. Qxd3 Qc7 24. e5 Rfd8 25. Qe2 b4 26. axb4 axb4 27. Rxd8+ Rxd8 28. Rd1
b3 29. Rxd8+ Bxd8 30. Nb4 Be7 31. Nd3 Qa7 32. Kb1 Qa2+ 33. Kc1 Qa1# 0-1

[Event "AUTO-ADV-4905"]
[Site "http://www.queenalice.com/game.php?id=1869589"]
[Date "2026.2.22"]
[Round "2"]
[White "Pin"]
[Black "marcoswerneck"]
[Result "1-0"]
[WhiteElo "2027"]
[BlackElo "1881"]

1. d4 d5 2. Nf3 h6 3. e3 a6 4. c4 c6 5. Nc3 Nf6 6. Bd3 e6 7. cxd5 cxd5 8. O-O
Bd6 9. Bd2 Nc6 10. Rc1 Qd7 11. Na4 Bc7 12. Nc5 Qe7 13. Re1 b6 14. Nxa6 Bxa6 15.
Bxa6 Rxa6 16. Rxc6 O-O 17. Qc2 Ra7 18. Rc1 Bd6 19. Ne5 Rb8 20. a3 Bxe5 21. dxe5
Ne4 22. Bb4 Qd7 23. Bd6 Nxd6 24. Rxd6 Qe8 25. g3 Raa8 26. Qc6 Qxc6 27. Rcxc6 b5
28. Rd7 Rf8 29. Rcc7 g6 30. Rb7 h5 31. Kg2 b4 32. Rxb4 Kg7 33. f4 Rac8 34. Kf3
Rc2 35. h3 Rh2 36. h4 Rh1 37. Rc7 Rd1 38. Rbb7 Rd3 39. Ke2 1-0

[Event "AUTO-ADV-4905"]
[Site "http://www.queenalice.com/game.php?id=1869590"]
[Date "2026.2.22"]
[Round "2"]
[White "marcoswerneck"]
[Black "SGF"]
[Result "1/2-1/2"]
[WhiteElo "1886"]
[BlackElo "1755"]

1. e4 e5 2. d3 Qf6 3. Nf3 d6 4. Nc3 Be7 5. Be3 Qg6 6. h3 h5 7. Qd2 h4 8. O-O-O
c6 9. Rg1 b5 10. Bg5 Rh5 11. Bxe7 Nxe7 12. Be2 Qh6 13. Qxh6 Rxh6 14. Bf1 a5 15.
d4 Rf6 16. d5 c5 17. Nxb5 Na6 18. Nc3 Nb4 19. Kb1 a4 20. a3 Na6 21. Nxa4 g6 22.
Nb6 Rb8 23. Nc4 Kd7 24. Be2 Ng8 25. Nxh4 Rxf2 26. Bf3 Ke7 27. Rd3 g5 28. Nf5+
Bxf5 29. exf5 Nf6 30. Na5 Rb5 31. Nc6+ Kd7 32. a4 Rb6 33. Kc1 c4 34. Rc3 e4 35.
Bg4 Nxd5 36. Rxc4 Rxc6 37. f6+ Kc7 38. Rxc6+ Kxc6 39. Bc8 Nab4 40. Kb1 Nxc2 41.
Rc1 Nb4 42. a5 Kc7 43. Bg4 Kb7 44. Bd1 Rxg2 45. Bxc2 Nxc2 46. Rxc2 Rxc2 47. Kxc2
Ka6 48. b4 Kb5 49. Kc3 d5 50. Kd4 Kc6 51. Ke3 Kb5 52. Kd4 Ka6 53. Ke3 Kb5 54.
Kd4 Kc6 55. Ke3 Kb5 1/2-1/2

[Event "AUTO-ADV-4905"]
[Site "http://www.queenalice.com/game.php?id=1869591"]
[Date "2026.2.22"]
[Round "2"]
[White "SGF"]
[Black "marcoswerneck"]
[Result "1-0"]
[WhiteElo "1713"]
[BlackElo "1884"]

1. e4 e5 2. Qf3 d6 3. d3 h6 4. Be2 Nf6 5. Qg3 Nc6 6. c3 Be6 7. h4 Qd7 8. a4 Be7
9. Bf3 g6 10. b4 h5 11. Bg5 Bg4 12. Bxf6 Bxf6 13. Bxg4 Qxg4 14. Qxg4 hxg4 15. g3
Ne7 16. Nd2 O-O-O 17. a5 d5 18. a6 b6 19. b5 d4 20. c4 g5 21. h5 Rh6 22. Ne2
Rdh8 23. Nb3 Rxh5 24. Rxh5 Rxh5 25. O-O-O Kd7 26. c5 Nc8 27. c6+ Kd8 28. Kb2 Nd6
29. Rb1 Nxb5 30. Rf1 Be7 31. Kc2 Rh6 32. Kb2 Ba3+ 33. Ka2 Rxc6 34. Rh1 Nc3+ 35.
Nxc3 Rxc3 36. Kxa3 Rxd3 37. Rh5 c5 38. Ka4 c4 39. Nc1 Rc3 40. Ne2 Rc2 41. Nxd4
Rxf2 42. Nc6+ Kd7 43. Nxe5+ Ke6 44. Rxg5 f6 45. Nxg4 Rf1 46. Rg6 Kf7 47. Rh6 c3
48. Rh2 Rc1 49. Ne3 Re1 50. Nc2 Rxe4+ 51. Kb3 Re5 52. Kxc3 Ra5 53. Rh7+ Kg6 54.
Rxa7 Kg5 55. Ne3 f5 56. Kb4 Ra1 57. Kb5 Rb1+ 58. Kc6 b5 59. Rf7 Kg6 60. Rxf5 Ra1
61. Kxb5 1-0